000 00459nam a2200133 a 4500
008 120416s1981 ||||||||||||||||| || u
050 _aHG 4651 Fis
100 _aFisher, Frederick G
245 1 0 _aInternational bonds
260 _aLondon
_bEuromoney
_c1981
300 _a199p. : ill.
350 _a0.00
995 _D0.00
_FCBU-MAIN LIBRARY (Kitwe)
_H1
_I0.00
_M1
_UAVAILABLE
_ZAnnex Low-Usage Collection
999 _c47294
_d47294